书目信息 |
| 题名: |
Matlab图像处理与应用
|
|
| 作者: | 赖志国 , 陈继红 , 李淑红 编著 | |
| 分册: | ||
| 出版信息: | 北京 国防工业出版社 2007.04 |
|
| 页数: | 11, 283页 | |
| 开本: | 23cm | |
| 丛书名: | Matlab应用教程丛书 | |
| 单 册: | ||
| 中图分类: | TP391.41 | |
| 科图分类: | ||
| 主题词: | 算法语言--suan fa yu yan--应用--图象处理 | |
| 电子资源: | ||
| ISBN: | 978-7-118-04988-6 | |
| 000 | 01059nam 2200289 450 | |
| 001 | 012007240947 | |
| 005 | 20070924161941.78 | |
| 010 | @a978-7-118-04988-6@dCNY28.00 | |
| 100 | @a20070817d2007 km y0chiy0120 ea | |
| 101 | 0 | @achi |
| 102 | @aCN@b110000 | |
| 105 | @aa z 000yy | |
| 200 | 1 | @aMatlab图像处理与应用@AMatlab tu xiang chu li yu ying yong@f赖志国, 陈继红, 李淑红编著@Flai zhi guo,chen ji hong,li shu hong bian zhu |
| 205 | @a第2版 | |
| 210 | @a北京@c国防工业出版社@d2007.04 | |
| 215 | @a11, 283页@c图@d23cm | |
| 225 | 2 | @aMatlab应用教程丛书@AMatlab ying yong jiao cheng cong shu |
| 330 | @a本书的内容以实践为基础,简洁明了地指出了所介绍的函数、方法的理论背景,同时又紧密联系实际应用,以具体的实例说明了函数、方法。 | |
| 410 | 0 | @12001 @aMatlab应用教程丛书 |
| 606 | 0 | @a算法语言@Asuan fa yu yan@x应用@x图象处理 |
| 610 | 0 | @aMatlab |
| 690 | @aTP391.41@v4 | |
| 701 | 0 | @a赖志国@Alai zhi guo@4编著 |
| 701 | 0 | @a陈继红@Achen ji hong@4编著 |
| 701 | 0 | @a李淑红@Ali shu hong@4编著 |
| 801 | 0 | @aCN@c20070924 |
| 905 | @dTP391.41@eL032 | |
| Matlab图像处理与应用/赖志国, 陈继红, 李淑红编著.-第2版.-北京:国防工业出版社,2007.04 |
| 11, 283页:图;23cm.-(Matlab应用教程丛书) |
| ISBN 978-7-118-04988-6:CNY28.00 |
| 本书的内容以实践为基础,简洁明了地指出了所介绍的函数、方法的理论背景,同时又紧密联系实际应用,以具体的实例说明了函数、方法。 |
| ● |
| 相关链接 |
|
|
|
正题名:Matlab图像处理与应用
索取号:TP391.41/L032
 
预约/预借
| 序号 | 登录号 | 条形码 | 馆藏地/架位号 | 状态 | 备注 |
| 1 | 257620 | 202576202 | 自科库301/301自科库 66排3列4层/ [索取号:TP391.41/L032] | 在馆 | |
| 2 | 257621 | 202576211 | 自科二线404/404自科库 19排2列6层/ [索取号:TP391.41/L032] | 在馆 | |
| 3 | 257622 | 202576220 | 自科库301/301自科库 66排3列4层/ [索取号:TP391.41/L032] | 在馆 |